00234pam a2200121 a 4500020000500000041000500005100001800010245004600028250000900074260000900083300000800092653001200100 c h aE. David Ford aScientific Method for Ecological Research a Ist c2000 a563 aScience